[Event "LTU-chT 2019"]
[Site "Lithuania"]
[Date "2019.03.31"]
[Round "5.8"]
[White "Vardanyan, Aras"]
[Black "Tvarijonas, Tomas"]
[Result "1-0"]
[WhiteElo "1916"]
[BlackElo "2248"]
[Annotator "NA"]
[PlyCount "105"]
[EventDate "2019.01.26"]
[EventType "team-tourn"]
[EventCountry "LTU"]
[SourceTitle "playchess.com"]
[Source "ChessBase"]
[SourceQuality "1"]
[TimeControl "40/5400+30:1800+30"]

1. d4 {[%emt 0:00:00]} Nf6 {[%emt 0:00:00]} 2. c4 {[%emt 0:00:00]} e6 {[%emt 0:00:00]} 3. Nf3 {[%emt 0:00:00]} d5 {[%emt 0:00:23]} 4. Nc3 {[%emt 0:02:12]} c6 {[%emt 0:00:05]} 5. Bg5 {[%emt 0:00:07]} Nbd7 {[%emt 0:00:42]} 6. e3 {[%emt 0:01:22] LiveBook: 2363 Games} Qa5 {[%emt 0:01:53]} 7. cxd5 {[%emt 0:05:29]} exd5 {[%emt 0:10:51]} 8. Nd2 {[%emt 0:00:30]} Bd6 {[%emt 0:08:55]} 9. Bd3 {[%emt 0:04:46] D52: Queen's Gambit Declined: Cambridge Springs Variation} O-O {[%emt 0:03:39]} 10. Bh4 {[%emt 0:12:33]} (10. O-O Qc7 11. Nf3 Re8 12. Rc1 Qb8 13. Qc2 h6 14. Bh4 Ng4 15. h3 Ngf6 16. e4 dxe4 17. Bxe4 Nxe4 18. Nxe4 Nf8 19. Nxd6 Qxd6 {1-0 (45) Tomashevsky,E (2758)-Nguyen,N (2634) Baku 2015}) 10... Re8 {[%emt 0:06:50]} 11. Qc2 {[%emt 0:05:11]} h6 {[%emt 0:09:47]} 12. Bf5 $146 {[%emt 0:12:50]} ({Predecessor:} 12. a3 Qd8 13. O-O Nf8 14. Kh1 g5 15. Bg3 Bxg3 16. hxg3 Bg4 {½-½ (71) Munoz Moreno,F (2562)-Vassiliev,I (2332) ICCF email 2012}) 12... b5 {[%emt 0:08:08]} 13. O-O {[%emt 0:07:17]} Qc7 {[%emt 0:08:53]} 14. Bg3 {[%emt 0:01:06]} Bxg3 {[%emt 0:00:59]} 15. hxg3 {[%emt 0:02:17]} Nf8 {[%emt 0:05:46]} 16. Bd3 {[%emt 0:05:58]} Qd6 {[%emt 0:03:15]} 17. Rac1 {[%emt 0:04:09]} Bd7 {[%emt 0:03:47]} 18. Nf3 {[%emt 0:02:18]} Re7 {[%emt 0:05:16]} 19. Ne2 {[%emt 0:02:04]} Ng4 {[%emt 0:03:30]} 20. Bf5 {[%emt 0:05:31]} Rc8 {[%emt 0:01:38]} 21. Nf4 {[%emt 0:01:49]} g6 {[%emt 0:02:46]} 22. Bxg4 {[%emt 0:01:55]} Bxg4 {[%emt 0:00:02]} 23. Ne5 {[%emt 0:00:12]} Rxe5 {[%emt 0:04:26]} 24. dxe5 {[%emt 0:00:06]} Qxe5 {[%emt 0:00:04]} 25. b4 {[%emt 0:01:47]} Nd7 {[%emt 0:01:39]} 26. a4 {[%emt 0:02:47]} a6 {[%emt 0:00:45]} 27. axb5 {[%emt 0:00:36]} axb5 {[%emt 0:00:04] [#]} 28. Qa2 $16 {[%emt 0:00:47]} ({Better is} 28. Nxg6 $1 $18 {[%mdl 512]} fxg6 29. Qxg6+ Qg7 30. Rxc6) 28... Nb6 {[%emt 0:00:44]} 29. Qa1 {[%emt 0:01:57]} Qg5 {[%emt 0:01:56]} 30. Qd4 {[%emt 0:00:50]} Nc4 {[%emt 0:00:08]} 31. Ra1 {[%emt 0:00:56]} h5 {[%emt 0:01:50]} 32. Ra7 {[%emt 0:00:08]} Qe5 {[%emt 0:01:40]} 33. Qc5 {[%emt 0:02:29]} Nd2 {[%emt 0:01:52]} 34. Re1 {[%emt 0:02:21]} g5 {[%emt 0:00:56]} 35. Nd3 {[%emt 0:01:44]} Qf5 {[%emt 0:00:22]} 36. Qe7 {[%emt 0:00:26]} Ne4 {[%emt 0:02:12]} 37. Qe5 {[%emt 0:03:06]} Nxg3 {[%emt 0:02:02]} 38. Qxg3 {[%emt 0:00:58]} Qxd3 {[%emt 0:00:02]} 39. f3 {[%emt 0:00:22]} Bf5 {[%emt 0:00:50]} 40. Qxg5+ {[%emt 0:00:26]} Bg6 {[%emt 0:00:08]} 41. Rea1 {[%emt 0:32:54]} Qc3 {[%emt 0:12:27]} 42. Ra8 {[%emt 0:00:00]} Rxa8 {[%emt 0:00:02]} 43. Rxa8+ {[%emt 0:00:00]} Kg7 {[%emt 0:00:18]} 44. Qe7 {[%emt 0:00:00]} Kh7 {[%emt 0:01:17]} 45. Kh2 {[%emt 0:00:00]} Qg7 {[%emt 0:03:22]} 46. Rd8 {[%emt 0:00:00]} Bd3 {[%emt 0:00:52]} 47. Rd7 {[%emt 0:00:00]} Bf5 {[%emt 0:01:14]} 48. Rd6 {[%emt 0:00:00]} Be6 {[%emt 0:00:24]} 49. Qh4 {[%emt 0:00:00]} Qe5+ {[%emt 0:01:13]} 50. Qf4 {[%emt 0:00:00]} Qc3 {[%emt 0:01:54]} 51. Qd4 {[%emt 0:00:00]} Qc4 {[%emt 0:01:36]} 52. Qf6 {[%emt 0:00:00]} c5 {[%emt 0:02:01]} 53. Rd8 {[%emt 0:00:00]} 1-0

[Event "LTU-chT 2019"]
[Site "Lithuania"]
[Date "2019.03.31"]
[Round "5.9"]
[White "Bieliauskas, Marius"]
[Black "Vaitkevicius, Paulius"]
[Result "1-0"]
[WhiteElo "2183"]
[BlackElo "1967"]
[Annotator "NA"]
[PlyCount "61"]
[EventDate "2019.01.26"]
[EventType "team-tourn"]
[EventCountry "LTU"]
[SourceTitle "playchess.com"]
[Source "ChessBase"]
[SourceQuality "1"]
[TimeControl "40/5400+30:1800+30"]

1. d4 {[%emt 0:00:00]} d5 {[%emt 0:02:37]} 2. Nf3 {[%emt 0:00:01]} Nf6 {[%emt 0:01:00]} 3. c4 {[%emt 0:00:12]} e6 {[%emt 0:00:30]} 4. Nc3 {[%emt 0:02:22]} Be7 {[%emt 0:00:51] LiveBook: 20258 Games} 5. Bg5 {[%emt 0:01:44]} O-O {[%emt 0:03:14]} 6. e3 {[%emt 0:02:08]} c6 {[%emt 0:02:06]} 7. Qc2 {[%emt 0:02:20]} h6 {[%emt 0:02:34]} 8. Bh4 {[%emt 0:05:06]} Nbd7 {[%emt 0:02:30]} 9. cxd5 {[%emt 0:06:41]} exd5 {[%emt 0:05:45]} 10. Bd3 {[%emt 0:01:22]} Nh5 {[%emt 0:06:55]} 11. Bxe7 {[%emt 0:00:45]} Qxe7 {[%emt 0:00:03]} 12. O-O {[%emt 0:04:30]} Nhf6 {[%emt 0:10:53]} 13. Rab1 $11 {[%emt 0:01:52]} Rd8 {[%emt 0:04:18]} 14. b4 {[%emt 0:01:38]} a6 {[%emt 0:02:09]} 15. a4 {[%emt 0:00:16]} a5 {[%emt 0:12:10]} 16. b5 {[%emt 0:16:54]} c5 {[%emt 0:00:23]} 17. Rfe1 {[%emt 0:01:26]} Nb6 {[%emt 0:12:12]} 18. Ne5 {[%emt 0:23:09]} Be6 {[%emt 0:02:25]} 19. f4 {[%emt 0:02:27]} Rac8 {[%emt 0:01:50]} 20. Bf1 {[%emt 0:09:54]} cxd4 {[%emt 0:09:17]} 21. exd4 {[%emt 0:00:06]} Ne4 {[%emt 0:01:07]} 22. Re3 {[%emt 0:03:12]} Rc7 {[%emt 0:01:14]} 23. Qb2 {[%emt 0:03:06]} Rxc3 {[%emt 0:02:54]} 24. Rxc3 {[%emt 0:00:03]} Nxa4 {[%emt 0:00:03]} 25. Qa3 {[%emt 0:00:01]} Qf6 {[%emt 0:05:07]} 26. Rc2 {[%emt 0:01:07]} Qxf4 {[%emt 0:01:48]} 27. Qxa4 {[%emt 0:00:41]} Qe3+ {[%emt 0:00:44]} 28. Kh1 {[%emt 0:00:06]} Rc8 {[%emt 0:00:48]} 29. Rxc8+ {[%emt 0:03:47]} Bxc8 {[%emt 0:00:01]} 30. Nd3 {[%emt 0:01:26]} Nd2 {[%emt 0:01:54]} 31. Re1 {[%emt 0:00:51]} 1-0

[Event "LTU-chT 2019"]
[Site "Lithuania"]
[Date "2019.03.31"]
[Round "5.10"]
[White "Gaizauskaite, Ginte"]
[Black "Stremavicius, Pijus"]
[Result "0-1"]
[WhiteElo "1852"]
[BlackElo "2082"]
[Annotator "NA"]
[PlyCount "66"]
[EventDate "2019.01.26"]
[EventType "team-tourn"]
[EventCountry "LTU"]
[SourceTitle "playchess.com"]
[Source "ChessBase"]
[SourceQuality "1"]
[TimeControl "40/5400+30:1800+30"]

1. d4 {[%emt 0:00:00]} Nf6 {[%emt 0:00:00]} 2. g3 {[%emt 0:00:00]} d5 {[%emt 0:00:09]} 3. Nf3 {[%emt 0:00:00]} e6 {[%emt 0:00:40]} 4. c4 {[%emt 0:00:10]} dxc4 {[%emt 0:00:10]} 5. Qa4+ {[%emt 0:02:48]} Nbd7 {[%emt 0:00:05]} 6. Ne5 {[%emt 0:02:31] E01: Catalan: Early deviations} (6. Bg2 $11 {remains equal.} a6 7. Nc3 Rb8 8. Qxc4 b5 9. Qd3 Bb7 10. Bf4 Rc8 11. O-O c5 12. dxc5 Bxc5 13. Ne5 Bxg2 14. Kxg2 Nxe5 15. Qxd8+ Kxd8 16. Bxe5 Ke7 17. Rfd1 Ng4 18. Bxg7 Nxf2 19. Bxh8 Nxd1 20. Rxd1 Rxh8 {½-½ (40) Grachev,B (2650)-Khismatullin,D (2639) Moscow 2017}) 6... c5 {[%emt 0:01:59]} 7. Be3 $146 {[%emt 0:19:23]} ({Predecessor:} 7. Nxc4 a6 8. Bg2 Be7 9. Bd2 O-O 10. Ba5 Qe8 11. Bc7 Nb8 12. Qxe8 Nxe8 {½-½ (67) Vasileva,V (1705)-Atanasova,E (1743) Plovdiv 2011}) 7... Nd5 {[%emt 0:02:34]} 8. Nc3 {[%emt 0:02:33]} N5b6 {[%emt 0:01:03]} (8... Nxe3 $17 9. fxe3 Be7) 9. Qb5 {[%emt 0:05:52]} cxd4 {[%emt 0:07:27]} (9... a6 $5 10. Qa5 $8 Nxe5 11. dxe5 Nd5 12. Qxd8+ Kxd8 $11) 10. Bxd4 {[%emt 0:00:34]} Qc7 {[%emt 0:02:16]} 11. Bg2 {[%emt 0:17:24]} a6 {[%emt 0:10:03]} 12. Qa5 {[%emt 0:03:52]} Bc5 {[%emt 0:00:10]} 13. Nxd7 {[%emt 0:07:34]} Bxd4 {[%emt 0:00:12]} 14. Nxb6 {[%emt 0:00:13]} Bxb6 {[%emt 0:03:47]} 15. Qg5 {[%emt 0:01:08]} Qc5 {[%emt 0:00:56]} 16. Qxg7 {[%emt 0:05:29]} Qxf2+ {[%emt 0:00:10]} 17. Kd2 {[%emt 0:00:16]} Bd4 {[%emt 0:00:20]} 18. Qg5 {[%emt 0:08:02]} Qxg2 {[%emt 0:00:32]} 19. Rhf1 {[%emt 0:01:26]} Rf8 {[%emt 0:02:31]} 20. Rad1 {[%emt 0:02:49]} Bd7 $19 {[%emt 0:00:44]} 21. Qf4 {[%emt 0:03:44]} e5 {[%emt 0:01:35]} 22. Qh4 {[%emt 0:00:28]} Bxc3+ {[%emt 0:02:16]} 23. Kxc3 {[%emt 0:02:11]} Qxe2 {[%emt 0:00:50]} 24. Qf6 {[%emt 0:01:51]} Qe3+ {[%emt 0:00:14]} 25. Kc2 {[%emt 0:00:33]} Ba4+ {[%emt 0:00:11]} 26. Kb1 {[%emt 0:01:39]} Bxd1 {[%emt 0:00:13]} 27. Rxd1 {[%emt 0:00:03]} Qe4+ {[%emt 0:00:16]} 28. Kc1 {[%emt 0:00:24]} c3 {[%emt 0:02:19]} 29. Qd6 {[%emt 0:01:07]} cxb2+ {[%emt 0:00:06]} 30. Kxb2 {[%emt 0:00:07]} Qc6 {[%emt 0:02:00]} 31. Qxe5+ {[%emt 0:00:39]} Qe6 {[%emt 0:00:03]} 32. Qa5 {[%emt 0:01:29]} Qe2+ {[%emt 0:00:50]} 33. Rd2 {[%emt 0:00:12]} Qb5+ {[%emt 0:00:02]} 0-1

[Event "LTU-chT 2019"]
[Site "Lithuania"]
[Date "2019.03.31"]
[Round "5.11"]
[White "Stauskas, Lukas"]
[Black "Indriunas, Matas"]
[Result "1-0"]
[WhiteElo "2357"]
[BlackElo "1908"]
[Annotator "NA"]
[PlyCount "120"]
[EventDate "2019.01.26"]
[EventType "team-tourn"]
[EventCountry "LTU"]
[SourceTitle "playchess.com"]
[Source "ChessBase"]
[SourceQuality "1"]
[TimeControl "40/5400+30:1800+30"]

1. d4 {[%emt 0:00:00]} Nf6 {[%emt 0:00:00]} 2. c4 {[%emt 0:00:00]} g6 {[%emt 0:00:00]} 3. Nf3 {[%emt 0:00:00]} Bg7 {[%emt 0:00:00]} 4. g3 {[%emt 0:00:00]} O-O {[%emt 0:00:00]} 5. Bg2 {[%emt 0:00:03]} d6 {[%emt 0:00:00]} 6. O-O {[%emt 0:00:10]} Nc6 {[%emt 0:00:03]} 7. Nc3 {[%emt 0:00:08]} Bf5 {[%emt 0:00:06]} 8. d5 {[%emt 0:00:06]} Na5 {[%emt 0:00:04] LiveBook: 602 Games} 9. Nd4 {[%emt 0:00:05]} Bd7 {[%emt 0:01:00]} 10. b3 {[%emt 0:00:06]} c5 {[%emt 0:06:40]} 11. dxc6 {[%emt 0:00:16]} Nxc6 {[%emt 0:01:19]} 12. Bb2 {[%emt 0:00:11]} a6 {[%emt 0:12:46]} 13. e3 {[%emt 0:02:59]} Rc8 {[%emt 0:07:55]} 14. Qe2 {[%emt 0:07:43]} Qa5 {[%emt 0:02:50]} 15. Rac1 {[%emt 0:24:42] E60: King's Indian: Unusual lines and Fianchetto Variation without Nc3} (15. Rfd1 Bg4 16. f3 Bd7 17. Rac1 Rfe8 18. a3 Qb6 19. b4 Ne5 20. Nd5 Nxd5 21. cxd5 Ba4 22. Re1 Bb5 23. Nxb5 axb5 {0-1 (57) Saric,A (2540)-Gazik,V (2479) Katowice 2017}) 15... Rfe8 {[%emt 0:02:15]} 16. a3 {[%emt 0:05:41]} Qb6 $146 {[%emt 0:12:21]} ({Predecessor:} 16... Bg4 17. Qd2 Qh5 18. Nde2 Na5 19. Nf4 Nc6 20. Nfe2 Na5 21. Nf4 {½-½ (19) Parkhov,Y (2330)-Budisavljevic,L (2344) Konya 2018}) 17. Na4 {[%emt 0:04:04]} Qd8 {[%emt 0:06:18]} 18. c5 {[%emt 0:03:15]} Nxd4 {[%emt 0:00:57]} 19. Bxd4 {[%emt 0:05:23]} Bxa4 {[%emt 0:02:50]} 20. bxa4 {[%emt 0:00:11]} d5 {[%emt 0:04:04]} 21. Rfd1 {[%emt 0:05:48]} e6 {[%emt 0:02:33]} 22. Qb2 {[%emt 0:04:34]} Qe7 {[%emt 0:00:58]} 23. f4 {[%emt 0:01:30]} Red8 {[%emt 0:04:46]} 24. Rb1 {[%emt 0:01:14]} Rd7 {[%emt 0:00:14]} 25. Rd3 {[%emt 0:00:48]} Ne8 {[%emt 0:03:16]} 26. Rb3 {[%emt 0:00:16]} Rcc7 {[%emt 0:00:56]} 27. Rb6 {[%emt 0:02:06]} f6 {[%emt 0:02:34]} 28. Bh3 {[%emt 0:01:05]} f5 {[%emt 0:01:08]} 29. Bf1 {[%emt 0:01:32]} g5 {[%emt 0:01:36]} 30. Bg2 {[%emt 0:05:11]} Kf7 {[%emt 0:04:53]} 31. Qe2 {[%emt 0:01:28]} g4 {[%emt 0:02:50]} 32. Qb2 {[%emt 0:01:52]} h5 {[%emt 0:01:09]} 33. h3 {[%emt 0:00:59]} Kg8 {[%emt 0:05:31]} 34. hxg4 {[%emt 0:00:36]} hxg4 {[%emt 0:00:10]} 35. Kf2 {[%emt 0:01:10]} Qf7 {[%emt 0:01:23]} 36. a5 {[%emt 0:01:28]} Rxc5 {[%emt 0:00:51]} 37. Bxc5 {[%emt 0:05:56]} (37. Bxg7 {keeps fighting.} Rdc7 38. Qb4 Nxg7 39. Rb2) 37... Bxb2 {[%emt 0:00:13]} 38. R6xb2 {[%emt 0:00:04]} Rc7 {[%emt 0:06:10]} 39. Bd4 {[%emt 0:00:18]} Nf6 {[%emt 0:00:17]} 40. Be5 {[%emt 0:00:24]} Rc5 {[%emt 0:02:26]} 41. Rxb7 {[%emt 0:31:01]} Nd7 {[%emt 0:31:23]} 42. Ra7 $11 {[%emt 0:01:47]} Rc2+ {[%emt 0:01:44]} 43. Kg1 {[%emt 0:00:27]} Qh5 {[%emt 0:00:29]} 44. Ra8+ {[%emt 0:01:47]} Kf7 {[%emt 0:00:00]} 45. Rh8 {[%emt 0:00:00]} Qg6 {[%emt 0:00:00]} 46. Rb7 {[%emt 0:00:00]} Ke7 {[%emt 0:00:00]} 47. Bf1 {[%emt 0:00:00]} Rc1 {[%emt 0:00:00]} 48. Kf2 {[%emt 0:00:00]} Rc2+ {[%emt 0:00:00]} 49. Be2 {[%emt 0:00:00]} Ra2 {[%emt 0:00:00]} 50. Bc3 {[%emt 0:00:00]} Kd6 {[%emt 0:00:00]} 51. Rc8 {[%emt 0:00:00]} Rc2 {[%emt 0:00:00]} 52. Bb4+ {[%emt 0:00:00]} Nc5 {[%emt 0:00:00]} 53. Bxc5+ {[%emt 0:00:00]} Rxc5 {[%emt 0:00:00]} 54. Rb6+ {[%emt 0:00:00]} Ke7 {[%emt 0:00:00]} 55. Rxc5 {[%emt 0:00:00]} Qh5 {[%emt 0:00:00]} 56. Rcc6 {[%emt 0:00:00]} Qh2+ {[%emt 0:00:00]} 57. Ke1 {[%emt 0:00:00]} Qxg3+ {[%emt 0:00:00]} 58. Kd2 {[%emt 0:00:00]} d4 {[%emt 0:00:00]} 59. Rxe6+ {[%emt 0:00:00]} Kf7 {[%emt 0:00:00]} 60. Bc4 {[%emt 0:00:00]} Qf2+ {[%emt 0:00:46]} 1-0

[Event "LTU-chT 2019"]
[Site "Lithuania"]
[Date "2019.03.31"]
[Round "5.12"]
[White "Maziukas, Kasparas"]
[Black "Narmontas, Tauras"]
[Result "1-0"]
[WhiteElo "1931"]
[BlackElo "2244"]
[Annotator "NA"]
[PlyCount "51"]
[EventDate "2019.01.26"]
[EventType "team-tourn"]
[EventCountry "LTU"]
[SourceTitle "playchess.com"]
[Source "ChessBase"]
[SourceQuality "1"]
[TimeControl "40/5400+30:1800+30"]

{[%evp 8,33,54,35,39,45,22,19,43,47,50,35,65,68,61,22,16,11,41,16,68,39,71,63,32767,32767,32767,77]} 1. e4 {[%emt 0:00:00]} Nf6 {[%emt 0:14:42]} 2. e5 {[%emt 0:00:00]} Nd5 {[%emt 0:00:05]} 3. c4 {[%emt 0:00:13]} Nb6 {[%emt 0:00:04]} 4. d4 {[%emt 0:00:06]} d6 $1 {[%emt 0:00:04]} 5. exd6 {[%emt 0:00:09]} cxd6 {[%emt 0:02:31]} 6. Nc3 {[%emt 0:00:14]} g6 {[%emt 0:00:08]} 7. Be3 {[%emt 0:00:27]} Bg7 {[%emt 0:00:53]} 8. Rc1 {[%emt 0:00:20]} O-O {[%emt 0:00:29]} 9. b3 {[%emt 0:02:18]} Nc6 {[%emt 0:04:04]} 10. d5 {[%emt 0:01:51]} Ne5 {[%emt 0:00:25]} 11. Nf3 {[%emt 0:01:32]} Nxf3+ {[%emt 0:05:15]} 12. Qxf3 {[%emt 0:00:12]} Nd7 {[%emt 0:00:07]} 13. Qd1 {[%emt 0:03:30]} f5 {[%emt 0:04:11]} 14. f4 {[%emt 0:03:57]} g5 {[%emt 0:16:19]} 15. g3 {[%emt 0:07:01]} gxf4 {[%emt 0:00:25]} 16. Bxf4 {[%emt 0:05:01]} b5 {[%emt 0:16:41]} 17. Nxb5 $16 {[%emt 0:05:11]} Nc5 {[%emt 0:04:08]} 18. Qc2 {[%emt 0:15:28]} e5 {[%emt 0:07:28]} 19. dxe6 {[%emt 0:01:28]} Bb7 {[%emt 0:00:17]} 20. Bg2 {[%emt 0:08:23]} Bxg2 {[%emt 0:01:57]} 21. Qxg2 {[%emt 0:01:42]} Nd3+ {[%emt 0:00:01]} 22. Kd2 {[%emt 0:00:35]} Nxc1 {[%emt 0:00:05]} 23. Rxc1 {[%emt 0:06:01]} Qb6 {[%emt 0:10:33]} 24. e7 {[%emt 0:05:06]} Rfe8 {[%emt 0:00:15]} 25. Qd5+ {[%emt 0:01:21]} Kh8 {[%emt 0:00:07]} 26. Nxd6 {[%emt 0:00:26]} 1-0

[Event "LTU-chT 2019"]
[Site "Lithuania"]
[Date "2019.03.31"]
[Round "5.13"]
[White "Dubovikas, Tomas"]
[Black "Likatavicius, Rapolas"]
[Result "1/2-1/2"]
[WhiteElo "2171"]
[BlackElo "1769"]
[Annotator "NA"]
[PlyCount "36"]
[EventDate "2019.01.26"]
[EventType "team-tourn"]
[EventCountry "LTU"]
[SourceTitle "playchess.com"]
[Source "ChessBase"]
[SourceQuality "1"]
[TimeControl "40/5400+30:1800+30"]

{[%evp 8,22,4,-1,8,-12,-11,0,4,7,14,0,0,0,-8,0,0]} 1. e4 {[%emt 0:00:00]} c5 {[%emt 0:00:00]} 2. Nf3 {[%emt 0:00:28]} a6 {[%emt 0:00:15]} 3. d4 {[%emt 0:01:00]} cxd4 {[%emt 0:00:14]} 4. Nxd4 {[%emt 0:00:02]} Nf6 {[%emt 0:00:11]} 5. Nc3 {[%emt 0:00:07] LiveBook: 189 Games} e5 {[%emt 0:00:05]} 6. Nb3 {[%emt 0:01:14]} Bb4 {[%emt 0:00:24]} 7. Bg5 {[%emt 0:05:41]} h6 {[%emt 0:16:52]} 8. Bxf6 {[%emt 0:08:37]} Bxc3+ {[%emt 0:07:29]} 9. bxc3 {[%emt 0:00:01]} Qxf6 {[%emt 0:00:07]} 10. Bc4 {[%emt 0:01:10]} d6 {[%emt 0:03:32]} 11. Bd5 {[%emt 0:02:40]} Nc6 $11 {[%emt 0:02:39]} 12. Qd3 {[%emt 0:09:34]} O-O {[%emt 0:03:12]} 13. Nd2 {[%emt 0:06:37]} Ne7 {[%emt 0:12:03]} 14. c4 {[%emt 0:09:20]} Nxd5 {[%emt 0:06:05]} 15. cxd5 {[%emt 0:00:25]} Qg6 {[%emt 0:02:02]} 16. O-O {[%emt 0:04:18]} f5 {[%emt 0:01:55]} 17. f3 {[%emt 0:16:18]} b5 {[%emt 0:05:22]} 18. a4 {[%emt 0:06:03]} Bd7 {[%emt 0:04:05]} 1/2-1/2

[Event "LTU-chT 2019"]
[Site "Lithuania"]
[Date "2019.03.31"]
[Round "5.14"]
[White "Dailidenas, Justas"]
[Black "Muningis, Paulius"]
[Result "0-1"]
[WhiteElo "1658"]
[BlackElo "2146"]
[Annotator "NA"]
[PlyCount "70"]
[EventDate "2019.01.26"]
[EventType "team-tourn"]
[EventCountry "LTU"]
[SourceTitle "playchess.com"]
[Source "ChessBase"]
[SourceQuality "1"]
[TimeControl "40/5400+30:1800+30"]

1. e4 {[%emt 0:00:00]} c5 {[%emt 0:00:39]} 2. Nf3 {[%emt 0:00:00]} Nc6 {[%emt 0:14:48]} 3. d4 {[%emt 0:00:00]} cxd4 {[%emt 0:00:04]} 4. Nxd4 {[%emt 0:00:00]} e5 {[%emt 0:03:12]} 5. Nb5 {[%emt 0:00:07]} d6 {[%emt 0:11:52]} 6. N1c3 {[%emt 0:00:28]} a6 {[%emt 0:00:37]} 7. Na3 {[%emt 0:00:12]} Nf6 {[%emt 0:02:25]} 8. Bg5 {[%emt 0:01:34]} Be7 {[%emt 0:03:59]} 9. Bxf6 {[%emt 0:01:11] B33: Sicilian: Pelikan and Sveshnikov Variations} (9. Nc4 Nd4 10. Bxf6 Bxf6 11. Nd5 O-O 12. c3 Nc6 13. Ndb6 Rb8 14. Qxd6 Be6 15. Be2 Bg5 16. Qxd8 Rfxd8 17. h4 Be7 18. b4 f5 19. exf5 Bxf5 {1-0 (42) Areshchenko,A (2655)-Bogdanovich,S (2590) Lvov 2014}) 9... gxf6 {[%emt 0:07:01]} 10. Nc4 {[%emt 0:08:20]} f5 {[%emt 0:05:54]} 11. Nd5 {[%emt 0:05:32]} fxe4 {[%emt 0:02:54]} 12. Nxe7 {[%emt 0:00:48]} Kxe7 {[%emt 0:09:24]} 13. Qd5 $146 {[%emt 0:02:38]} ({Predecessor:} 13. Qh5 b5 14. Ne3 {½-½ (14) Senkyr,M (1925)-Vanka,M (2247) Zlate Hory 2006}) 13... Be6 {[%emt 0:13:05]} 14. Qxe4 {[%emt 0:00:07]} d5 {[%emt 0:01:30]} 15. Qh4+ {[%emt 0:00:05]} Ke8 {[%emt 0:02:21]} 16. Qxd8+ {[%emt 0:00:31]} Rxd8 {[%emt 0:00:02]} 17. Nd2 {[%emt 0:01:44]} Nb4 {[%emt 0:04:06]} 18. Kd1 {[%emt 0:01:58]} Rg8 {[%emt 0:01:19]} 19. g3 {[%emt 0:01:44]} Ke7 {[%emt 0:01:10]} 20. Bg2 {[%emt 0:01:32]} Rc8 {[%emt 0:00:18]} 21. c3 {[%emt 0:01:27]} Nd3 {[%emt 0:00:33]} 22. Ke2 {[%emt 0:00:01]} Nxb2 {[%emt 0:04:23]} 23. Rab1 {[%emt 0:00:01]} Na4 $17 {[%emt 0:00:09]} 24. Rxb7+ {[%emt 0:00:06]} Kf6 {[%emt 0:00:09]} 25. Nb1 {[%emt 0:08:17]} Rb8 {[%emt 0:01:19]} 26. Rb3 {[%emt 0:02:18]} Nc5 {[%emt 0:01:16]} 27. Ra3 {[%emt 0:02:53]} Rb2+ {[%emt 0:00:33]} 28. Nd2 {[%emt 0:00:01]} Rgb8 {[%emt 0:00:20]} 29. Rc1 {[%emt 0:01:51]} e4 {[%emt 0:01:58]} 30. Ke3 {[%emt 0:01:06]} Nd3 {[%emt 0:01:11]} 31. Rf1 {[%emt 0:01:31]} Ne5 {[%emt 0:04:23]} 32. f3 {[%emt 0:00:28]} Rxd2 {[%emt 0:00:13]} 33. Kxd2 {[%emt 0:00:07]} Nc4+ {[%emt 0:00:05]} 34. Kc1 {[%emt 0:01:01]} Nxa3 {[%emt 0:00:25]} 35. fxe4+ {[%emt 0:00:04]} Ke5 {[%emt 0:00:15]} 0-1

[Event "LTU-chT 2019"]
[Site "Lithuania"]
[Date "2019.03.31"]
[Round "5.15"]
[White "Adomaitis, Edgaras"]
[Black "Ramanauskaite, Giedre"]
[Result "1-0"]
[WhiteElo "1889"]
[BlackElo "1870"]
[Annotator "NA"]
[PlyCount "61"]
[EventDate "2019.01.26"]
[EventType "team-tourn"]
[EventCountry "LTU"]
[SourceTitle "playchess.com"]
[Source "ChessBase"]
[SourceQuality "1"]
[TimeControl "40/5400+30:1800+30"]

{[%evp 8,32,14,25,30,14,42,39,37,46,25,-1,10,-97,0,-13,-18,0,1,-16,-12,-104,-21,-84,-85,-100,-40]} 1. Nf3 {[%emt 0:00:00]} Nf6 {[%emt 0:00:00]} 2. d4 {[%emt 0:00:00]} e6 {[%emt 0:01:15]} 3. g3 {[%emt 0:00:00]} c5 {[%emt 0:01:50]} 4. Bg2 {[%emt 0:01:20]} Nc6 {[%emt 0:03:21]} 5. O-O {[%emt 0:02:17]} cxd4 {[%emt 0:03:55] LiveBook: 263 Games} 6. Nxd4 {[%emt 0:00:56]} Bc5 {[%emt 0:02:31]} 7. Nb3 {[%emt 0:00:21]} Be7 {[%emt 0:00:46]} 8. c4 {[%emt 0:02:35]} d5 {[%emt 0:01:57]} 9. N1d2 {[%emt 0:04:42] E01: Catalan: Early deviations} (9. cxd5 Nxd5 10. e4 Ndb4 11. Nc3 O-O 12. Be3 Qxd1 13. Raxd1 b6 14. f4 Ba6 15. Rf2 Rad8 16. Rfd2 Rxd2 17. Rxd2 Rd8 18. Bf1 Rxd2 19. Nxd2 Bxf1 20. Kxf1 {1-0 (51) Roiz,M (2658)-Eljanov,P (2716) Netanya 2009}) 9... O-O {[%emt 0:01:17]} 10. e4 $146 {[%emt 0:01:29] [#]} ({Predecessor:} 10. cxd5 $11 exd5 11. Nf3 Bg4 12. h3 Bf5 13. Be3 Re8 14. Rc1 Qd7 15. Kh2 {½-½ (31) Summermatter,D (2335)-Landenbergue,C (2405) Switzerland 1993}) 10... dxc4 {[%emt 0:02:53]} (10... d4 $1 $17 11. e5 Nxe5) 11. Nxc4 {[%emt 0:00:09]} e5 {[%emt 0:00:19]} 12. Bg5 {[%emt 0:05:47]} Bg4 {[%emt 0:01:23]} 13. f3 {[%emt 0:01:48]} Be6 {[%emt 0:00:12]} 14. Rc1 {[%emt 0:02:00] [#]} (14. Qxd8 $1 $11 Rfxd8 15. Rfc1) 14... b5 {[%emt 0:03:36]} (14... Nb4 $1 $17 {[%cal Rb4a2]} 15. Qxd8 (15. Nxe5 $2 Nxa2 16. Qxd8 Bxd8 $19) 15... Rfxd8) 15. Ne3 {[%emt 0:04:45]} (15. Qxd8 $1 $11 {remains equal.} Rfxd8 16. Nca5) 15... Qb6 {[%emt 0:00:32]} 16. Kh1 {[%emt 0:00:12]} Rfd8 $15 {[%emt 0:05:53]} 17. Qe1 {[%emt 0:01:28]} h6 {[%emt 0:00:37]} 18. Bxf6 {[%emt 0:00:13]} Bxf6 {[%emt 0:00:08]} 19. Nd5 {[%emt 0:02:39]} Bxd5 {[%emt 0:02:01]} 20. exd5 {[%emt 0:00:09]} Rxd5 {[%emt 0:12:34]} 21. f4 {[%emt 0:01:59]} Rd6 {[%emt 0:00:19]} 22. fxe5 {[%emt 0:00:18]} Bxe5 {[%emt 0:01:21]} 23. Bxc6 {[%emt 0:00:11]} Bxg3 {[%emt 0:07:02]} 24. Qxg3 {[%emt 0:00:08]} Rxc6 {[%emt 0:00:06]} 25. Qf3 {[%emt 0:00:07]} Rac8 {[%emt 0:04:32]} 26. Qxf7+ {[%emt 0:00:07]} Kh8 {[%emt 0:00:20]} 27. Rce1 {[%emt 0:01:59]} Qd8 {[%emt 0:13:59]} 28. Re7 {[%emt 0:02:22]} Rg6 {[%emt 0:01:52]} 29. Rfe1 {[%emt 0:01:19]} Kh7 {[%emt 0:14:26]} 30. Re8 {[%emt 0:00:16]} Rf6 {[%emt 0:13:31]} 31. Qg8+ {[%emt 0:00:29]} 1-0